Science can be fun / (Record no. 179860)

MARC details
000 -LEADER
fixed length control field 00667nam a22001937a 4500
005 - DATE AND TIME OF LATEST TRANSACTION
control field 20210712122234.0
010 ## - LCCN (DPL NO)
LC control number B-740602
020 ## - INTERNATIONAL STANDARD BOOK NUMBER
International Standard Book Number 9789384930653
Terms of availability 300.00
035 ## - SYSTEM CONTROL NUMBER
System control number B-740602
037 ## - SOURCE OF ACQUISITION
Source of stock number/acquisition Gift
082 ## - DEWEY DECIMAL CLASSIFICATION NUMBER
Classification number 500
100 ## - MAIN ENTRY--PERSONAL NAME
Personal name Ram Anand
245 ## - TITLE STATEMENT
Title Science can be fun /
Statement of responsibility, etc by Ram Anand
260 ## - PUBLICATION, DISTRIBUTION, ETC. (IMPRINT)
Place of publication, distribution, etc Delhi
Name of publisher, distributor, etc Education Gallery
Date of publication, distribution, etc 2018
270 ## - ADDRESS
Address 26/25, Block-26, Gali No.12, Vishwas Nagar, Shahdara
City Delhi
Postal code 110032
300 ## - PHYSICAL DESCRIPTION
Extent 120p.:
Dimensions 22cm(Hb)
Other physical details ill.
942 ## - ADDED ENTRY ELEMENTS (KOHA)
Source of classification or shelving scheme Dewey Decimal Classification
Item type English Books
Call number suffix ANA
Classification part 500
Holdings
Withdrawn status Lost status Not for loan Collection code Home library Current library Date acquired Source of acquisition Cost, normal purchase price Full call number Barcode Copy number Cost, replacement price Koha item type Public note
      Non-fiction Central Library Central Library 12/07/2021 GIft/Eng/07-07-2021 300.00 500 ANA B-740602 1 300.00 English Books Gift

© Delhi Public Library
Hit Counter
free hit counter